000 00555nam a2200181 i 4500
001 130165
003 ES-MaACL
005 20231027063024.0
007 t|
008 070720q1937 sp ||||1| spa d
100 1 _aZweig, Stefan,
_d1881-1942
_9118562
245 1 0 _aMaría Antonieta /
_cStefan Zweig ; traducción de Ramón María Tenreiro.
260 _aBarcelona :
_bR. Plana,
_c[1937?]
300 _aX, 507 p. ;
_c22 cm.
700 1 _aTenreiro, Ramón María.
_9109707
852 _aES-MaACL
_jA-5296
_bR.17099
999 _c130165
_d130165